Основы гальваностегии. Ч. 2 (Запись № 13594054)
[ простой вид ]
| 000 -МАРКЕР | |
|---|---|
| контрольное поле | 01651nam2a2200301 4500 |
| 001 - ИДЕНТИФИКАТОР ЗАПИСИ | |
| контрольное поле | rc\2915140 |
| 005 - ИДЕНТИФИКАТОР ВЕРСИИ | |
| контрольное поле | 20260315054422.0 |
| 010 ## - МЕЖДУНАРОДНЫЙ СТАНДАРТНЫЙ НОМЕР КНИГИ (ISBN) | |
| Уточнения | В пер. |
| Цена | 36 р. |
| Тираж | 10000 |
| 021 ## - НОМЕР ГОСУДАРСТВЕННОЙ РЕГИСТРАЦИИ | |
| Код страны | российская федерация |
| Номер | 46-18729 |
| 035 ## - ДРУГИЕ СИСТЕМНЫЕ НОМЕРА | |
| Идентификатор записи | (NLR Aleph) 007065612 |
| 100 ## - ДАННЫЕ ОБЩЕЙ ОБРАБОТКИ | |
| Данные общей обработки | 20110810d1946 k y0rusy50 ca |
| 101 0# - ЯЗЫК РЕСУРСА | |
| Язык текста, звукозаписи и т.д. | русский |
| 102 ## - СТРАНА ПУБЛИКАЦИИ ИЛИ ПРОИЗВОДСТВА | |
| Страна публикации | российская федерация |
| 105 ## - ПОЛЕ КОДИРОВАННЫХ ДАННЫХ: ТЕКСТОВЫЕ МАТЕРИАЛЫ, МОНОГРАФИЧЕСКИЕ | |
| Кодированные данные о монографическом текстовом документе | a j ||||| |
| 200 0# - ЗАГЛАВИЕ И СВЕДЕНИЯ ОБ ОТВЕТСТВЕННОСТИ | |
| Основное заглавие | Ч. 2 |
| 210 ## - ПУБЛИКАЦИЯ, РАСПРОСТРАНЕНИЕ И ДР. | |
| Дата издания, распространения и т.д. | 1946 |
| 215 ## - ФИЗИЧЕСКАЯ ХАРАКТЕРИСТИКА | |
| Специфическое обозначение материала и объем | 587 с., 4 л. черт. |
| Другие сведения о физической характеристике | ил., черт. |
| 300 ## - ОБЩИЕ ПРИМЕЧАНИЯ | |
| Текст примечания | Гл. XI написана инженером Г.К. Швыряевым, гл. XII - инженером Н.К. Короленко |
| 461 #0 - УРОВЕНЬ НАБОРА | |
| Встроенное поле | 001rc\2915137 |
| -- | 2001#$aОсновы гальваностегии$eутверждено в качестве учебника для втузов цветной металлургии$fВ.И. Лайнер и Н.Т. Кудрявцев$gпод ред. проф. д-ра П.С. Титова$vЧ. 2 |
| Системный номер (АБИС) связанной записи | 6329538 |
| Автор | Лайнер, В. И. |
| Место публикации | Москва |
| Дата публикации | 1943-1946 |
| Издание | 2-е изд., доп. и перераб. |
| Первые сведения об ответственности | В.И. Лайнер и Н.Т. Кудрявцев |
| Имя издателя, распространителя и т.д. | издательство и типография Металлургиздата |
| Сведения, относящиеся к заглавию | утверждено в качестве учебника для втузов цветной металлургии |
| Физическая характеристика | 2 т. |
| Заглавие | Основы гальваностегии |
| Номер тома | Ч. 2 |
| 701 #1 - ИМЯ ЛИЦА - АЛЬТЕРНАТИВНАЯ ОТВЕТСТВЕННОСТЬ | |
| Начальный элемент ввода | Швыряев |
| Часть имени, кроме начального элемента ввода | Г. К. |
| Расширение инициалов личного имени | Григорий Константинович |
| 701 #1 - ИМЯ ЛИЦА - АЛЬТЕРНАТИВНАЯ ОТВЕТСТВЕННОСТЬ | |
| Начальный элемент ввода | Короленко |
| Часть имени, кроме начального элемента ввода | Н. К. |
| Расширение инициалов личного имени | Николай Кузьмич |
| 801 #0 - ИСТОЧНИК ЗАПИСИ | |
| Страна | российская федерация |
| Организация | NLR |
| Правила каталогизации | psbo |
| 801 #1 - ИСТОЧНИК ЗАПИСИ | |
| Страна | российская федерация |
| Организация | ELAR |
| Источник данных | rusmarc |
| 801 #2 - ИСТОЧНИК ЗАПИСИ | |
| Страна | российская федерация |
| Организация | NLR |
| Дата составления | 20190212 |
| Источник данных | rusmarc |
| 852 ## - МЕСТОНАХОЖДЕНИЕ И ШИФР ХРАНЕНИЯ | |
| Идентификатор организации | NLR |
| Шифр хранения (Call Number) | Т30 Г-5/36 (2) |
| 942 ## - ДОПОЛНИТЕЛЬНЫЕ ЭЛЕМЕНТЫ ЗАПИСИ (АБИС) | |
| Тип экземпляра АБИС | Неопределено |
| 980 ## - КОЛЛЕКЦИЯ | |
| Название коллекции | Национальная библиография |
Нет доступных экземпляров.